All Megadeth Songs - Statistics

General Stats
  • This quiz has been taken 37 times
  • The average score is 68 of 196
Answer Stats
Hint Answer % Correct
Rust in Peace Tornado of Souls
94%
Countdown to Extinction Countdown to Extinction
89%
Rust in Peace Hangar 18
89%
Rust in Peace Holy Wars... The Punishment Due
89%
Killing Is My Business... and Business Is Good! Mechanix
89%
Peace Sells... but Who's Buying? Peace Sells
89%
Rust in Peace Rust in Peace... Polaris
89%
Countdown to Extinction Symphony of Destruction
89%
So Far, So Good... So What! In My Darkest Hour
83%
Killing Is My Business... and Business Is Good! Killing Is My Business... and Business Is Good!
83%
Rust in Peace Lucretia
83%
Rust in Peace Take No Prisoners
83%
Youthanasia Youthanasia
83%
Rust in Peace Five Magics
78%
Peace Sells... but Who's Buying? Wake Up Dead
78%
Youthanasia A Tout le Monde
72%
United Abominations À Tout le Monde (Set Me Free)
72%
Rust in Peace Dawn Patrol
72%
Dystopia Dystopia
72%
Endgame Endgame
72%
Peace Sells... but Who's Buying? Good Mourning/Black Friday
72%
So Far, So Good... So What! Set the World Afire
72%
Countdown to Extinction Sweating Bullets
72%
Peace Sells... but Who's Buying? The Conjuring
72%
Cryptic Writings Trust
72%
Hidden Treasures Angry Again
67%
Peace Sells... but Who's Buying? Devils Island
67%
So Far, So Good... So What! Hook in Mouth
67%
Hidden Treasures Paranoid
67%
Cryptic Writings She-Wolf
67%
Countdown to Extinction Skin o' My Teeth
67%
Super Collider Super Collider
67%
The World Needs a Hero The World Needs a Hero
67%
Thirteen 13
61%
So Far, So Good... So What! Anarchy in the U.K.
61%
Youthanasia Elysian Fields
61%
So Far, So Good... So What! Mary Jane
61%
Rust in Peace Poison Was the Cure
61%
Killing Is My Business... and Business Is Good! Rattlehead
61%
United Abominations United Abominations
61%
So Far, So Good... So What! 502
56%
Youthanasia Addicted to Chaos
56%
Countdown to Extinction Architecture of Aggression
56%
Youthanasia Family Tree
56%
Countdown to Extinction Foreclosure of a Dream
56%
The Sick, the Dying... and the Dead! The Sick, the Dying... and the Dead!
56%
Countdown to Extinction This Was My Life
56%
Youthanasia Train of Consequences
56%
Youthanasia Victory
56%
Countdown to Extinction Ashes in Your Mouth
50%
Peace Sells... but Who's Buying? I Ain't Superstitious
50%
So Far, So Good... So What! Into the Lungs of Hell
50%
So Far, So Good... So What! Liar
50%
Killing Is My Business... and Business Is Good! Looking Down the Cross
50%
Youthanasia Reckoning Day
50%
Youthanasia The Killing Road
50%
Killing Is My Business... and Business Is Good! These Boots
50%
United Abominations Washington Is Next!
50%
Peace Sells... but Who's Buying? Bad Omen
44%
Youthanasia Black Curtains
44%
Youthanasia Blood of Heroes
44%
Countdown to Extinction Captive Honour
44%
Risk Crush 'Em
44%
Cryptic Writings FFF
44%
Hidden Treasures Go to Hell
44%
Countdown to Extinction High Speed Dirt
44%
Youthanasia I Thought I Knew It All
44%
The System Has Failed Kick the Chair
44%
Killing Is My Business... and Business Is Good! Last Rites/Loved to Death
44%
Hidden Treasures No More Mr. Nice Guy
44%
Countdown to Extinction Psychotron
44%
Killing Is My Business... and Business Is Good! The Skull Beneath the Skin
44%
Hidden Treasures 99 Ways to Die
39%
Risk Breadline
39%
Hidden Treasures Breakpoint
39%
Super Collider Burn!
39%
Killing Is My Business... and Business Is Good! Chosen Ones
39%
Countdown to Extinction (Expanded Edition) Crown of Worms
39%
Hidden Treasures Diadems
39%
The World Needs a Hero Moto Psycho
39%
Peace Sells... but Who's Buying? My Last Words
39%
Risk Prince of Darkness
39%
United Abominations Sleepwalker
39%
Cryptic Writings Vortex
39%
The World Needs a Hero When
39%
The World Needs a Hero 1000 Times Goodbye
33%
Hidden Treasures Problems
33%
The World Needs a Hero Promises
33%
The System Has Failed The Scorpion
33%
Dystopia The Threat Is Real
33%
Cryptic Writings A Secret Place
28%
The System Has Failed Blackmail the Universe
28%
The Sick, the Dying... and the Dead! Dogs of Chernobyl
28%
The World Needs a Hero Dread and the Fugitive Mind
28%
Risk Enter the Arena
28%
Endgame Head Crusher
28%
Rust in Peace (2004 Remix) My Creation
28%
Thirteen New World Order
28%
The World Needs a Hero Return to Hangar
28%
Cryptic Writings The Disintegrators
28%
Risk Time: The Beginning
28%
Risk Time: The End
28%
Cryptic Writings Use the Man
28%
Risk Wanderlust
28%
Cryptic Writings Almost Honest
22%
United Abominations Amerikhastan
22%
The System Has Failed Back in the Day
22%
United Abominations Burnt Ice
22%
The World Needs a Hero Disconnect
22%
Warchest Duke Nukem
22%
United Abominations Gears of War
22%
The System Has Failed I Know Jack
22%
Risk Insomnia
22%
United Abominations Never Walk Alone... A Call to Arms
22%
The Sick, the Dying... and the Dead! Night Stalkers
22%
The System Has Failed Of Mice and Men
22%
Thirteen Public Enemy No. 1
22%
Endgame This Day We Fight!
22%
The Sick, the Dying... and the Dead! We'll Be Back
22%
Endgame 1,320
17%
Cryptic Writings (Expanded Edition) Bullprick
17%
Super Collider Cold Sweat
17%
Single Delivering The Goods
17%
Endgame Dialectic Chaos
17%
The System Has Failed Die Dead Enough
17%
Risk Ecstasy
17%
Cryptic Writings Have Cool, Will Travel
17%
Risk I'll Be There
17%
Cryptic Writings I'll Get Even
17%
The Sick, the Dying... and the Dead! Junkie
17%
Super Collider Kingmaker
17%
The Sick, the Dying... and the Dead! Life in Hell
17%
The Sick, the Dying... and the Dead! Mission to Mars
17%
The Sick, the Dying... and the Dead! Police Truck
17%
Dystopia Post American World
17%
Risk Seven
17%
The System Has Failed Shadow of Deth
17%
Cryptic Writings Sin
17%
Thirteen Sudden Death
17%
The System Has Failed Tears in a Vial
17%
Super Collider The Blackest Crow
17%
Risk The Doctor Is Calling
17%
Endgame The Right to Go Insane
17%
The Sick, the Dying... and the Dead! This Planet's On Fire (Burn In Hell)
17%
Endgame 44 Minutes
11%
Thirteen Black Swan
11%
The Sick, the Dying... and the Dead! Célebutante
11%
Dystopia Conquer or Die!
11%
Dystopia Death from Within
11%
Super Collider Forget to Remember
11%
Thirteen Guns, Drugs, & Money
11%
The Sick, the Dying... and the Dead! Killing Time
11%
Cryptic Writings Mastermind
11%
Dystopia (Japanese Edition) Me Hate You
11%
Dystopia (Bonus) Melt the Ice Away
11%
The System Has Failed My Kingdom
11%
United Abominations (Japanese Edition) Out on the Tiles
11%
United Abominations Play for Blood
11%
Dystopia Poisonous Shadows
11%
The Sick, the Dying... and the Dead! Psychopathy
11%
The World Needs a Hero Recipe for Hate... Warhorse
11%
The World Needs a Hero Silent Scorn
11%
The Sick, the Dying... and the Dead! Soldier On!
11%
The System Has Failed Something That I'm Not
11%
Dystopia The Emperor
11%
Thirteen Whose Life (Is It Anyways?)
11%
Thirteen Wrecker
11%
Super Collider Beginning of Sorrow
6%
Endgame Bite the Hand
6%
United Abominations Blessed Are the Dead
6%
Endgame Bodies
6%
Super Collider Built for War
6%
Dystopia Bullet to the Brain
6%
The World Needs a Hero Burning Bridges
6%
The World Needs a Hero (Japanese Edition) Coming Home
6%
Super Collider Dance in the Rain
6%
Thirteen Deadly Nightshade
6%
Super Collider Don't Turn Your Back...
6%
Cryptic Writings (Expanded Edition) Evil That's Within
6%
Thirteen Fast Lane
6%
Dystopia Fatal Illusion
6%
Dystopia Foreign Policy
6%
Endgame How the Story Ends
6%
The World Needs a Hero Losing My Senses
6%
Dystopia Lying in State
6%
Thirteen | Youthanasia (Expanded Edition) Millennium of the Blind
6%
Thirteen Never Dead
6%
Super Collider Off the Edge
6%
Warchest One Thing
6%
The Sick, the Dying... and the Dead! Sacrifice
6%
Warchest Strange Ways
6%
Endgame The Hardest Part of Letting Go... Sealed with a Kiss
6%
The System Has Failed Truth Be Told
6%
Thirteen We the People
6%
United Abominations You're Dead
6%
No matching quizzes found
Score Distribution
Percent of People with Each Score
Percentile by Number Answered
Your Score History
You have not taken this quiz